000 004410000a22001690004500
003 MACL
005 20160112152230.0
008 160112b xxu||||| |||| 00| 0 eng d
040 _aMACL
_cMACL
041 _aEnglish
082 _a923.1/
100 _aThe Rittenhouse Press
_930842
245 _aCourts of France
_bThe Private Memoirs of Louis XV
260 _bThe Rittenhouse Press
650 _aBiography
_931457
942 _cBK
_k923.1
_2ddc
999 _c36492
_d36492